000 00502nam a2200217Ia 4500
003 OSt
005 20220924152553.0
006 a|||||r|||| 00| 0
007 ta
008 220923b |||||||| |||| 00| 0 ara d
024 _a343186
037 _cTextual
040 _aARTS
_cARTS
_bara
041 _2ara
_aara
082 _aQ7wD582, 28G4
245 0 _aAl-farooq
260 _c1934
650 _aISLAM
_9577
942 _hQ7wD582, 28G4
_cTEXL
_2CC
999 _c470296
_d470296